000 01005cam a2200241 a 4500
999 _c56847
_d56847
001 17296004
005 20221107123833.0
008 120511s2012 moua b 001 0 eng
010 _a 2012419165
020 _a9780323071840 X
042 _apcc
082 0 0 _a616.85
_223
100 1 _aPaul, Rhea.
_91059
245 1 0 _aLanguage disorders from infancy through adolescence :
_blistening, speaking, reading, writing, and communicating /
_cRhea Paul, Courtenay Norbury.
250 _a4th ed.
260 _aSt. Louis, Mo. :
_bElsevier,
_cc2012.
300 _axxi, 756 p. :
_bill. ;
_c29 cm.
650 0 _aLanguage disorders in children.
_91049
653 _aენობრივი დარღვევები ბავშვობიდან მოზარდებში: მოსმენა, საუბარი, კითხვა, წერა და კომუნიკაცია
653 _aმედიცინა
700 1 _aNorbury, Courtenay.
_91061
942 _2udc
_cBK